MARC

LEADER 00000nam0a2200000 4500
001 241782
005 20231101231837.0
010 |a 5289006761 
035 |a (RuTPU)RU\TPU\book\263071 
090 |a 241782 
100 |a 20130820d1990 d y0rusy50 ca 
101 0 |a rus 
102 |a RU 
105 |a a z 000ay 
200 1 |a Приключения Электроника  |e фантастическая повесть  |f Е. С. Велтистов  |g под ред. Н. С. Елисеева ; худож. К. Ли 
210 |a Ленинград  |c Лениздат  |d 1990 
215 |a 495 с.  |c ил. 
606 1 |a Русская литература современная  |2 stltpush  |3 (RuTPU)RU\TPU\subj\26373  |9 50316 
610 1 |a повести 
610 1 |a фантастические повести 
610 1 |a детская литература 
610 1 |a приключения 
675 |a Р2  |v 3 
700 1 |a Велтистов  |b Е. С.  |g Евгений Серафимович  |4 070 
702 1 |a Елисеева  |b Н. С.  |4 340 
702 1 |a Ли  |b К.  |4 440 
801 1 |a RU  |b 63413507  |c 20130820 
801 2 |a RU  |b 63413507  |c 20220112  |g RCR 
942 |c BK